Normal view MARC view

Entry Personal Name

Number of records used in: 1

001 - CONTROL NUMBER

  • control field: 13317

003 - CONTROL NUMBER IDENTIFIER

  • control field: OSt

005 - DATE AND TIME OF LATEST TRANSACTION

  • control field: 20191118110038.0

008 - FIXED-LENGTH DATA ELEMENTS

  • fixed length control field: 191118|| aca||aabn | a|a d

040 ## - CATALOGING SOURCE

  • Original cataloging agency: OSt
  • Transcribing agency: OSt

100 ## - HEADING--PERSONAL NAME

  • Personal name: Zhou, Xiang

670 ## - SOURCE DATA FOUND

  • Source citation: Work cat.: (OSt): Zhou, Xiang, Equalization or selection? Reassessing the "Meritocratic Power" of a college degree in intergenerational income mobility

Powered by Koha